000
00326 a2200157 4500
001
57578
020
_a
9788508129188
040
_c
Anchieta - Pituba
100
_a
Dante, Luiz Roberto
240
1
0
_a
Matemática 3
_l
por
245
1
0
_a
Matemática 3
300
_a
384
362
0
_a
2011
650
4
_a
Matemática
942
_c
BK
999
_c
57578
_d
57578